[Event "18sen.Bay.EM2006 Schney op"]
[Site "Schloss Schney (25.6.-3.7)"]
[Date "2006.07.03"]
[Round "9.33"]
[White "Alefs, Heinz"]
[Black "Kunert, Helmut"]
[Result "1-0"]
[WhiteElo "1643"]
[BlackElo "1480"]
[PlyCount "51"]
[EventDate "2006.07.??"]
[Source "Ganslmayer"]
[SourceDate "2012.12.20"]

1. d4 f5 2. g3 g6 3. Bg2 Bg7 4. Nf3 d5 5. Nbd2 Nf6 6. Ne5 c6 7. Ndf3 Nbd7 8.
Ng5 Nxe5 9. dxe5 Ne4 10. Nf3 e6 11. b3 Qa5+ 12. Bd2 Nxd2 13. Qxd2 Qxd2+ 14.
Kxd2 c5 15. Rac1 Bd7 16. c4 d4 17. Ng5 h6 18. Nh3 Rb8 19. f4 g5 20. Rhg1 g4 21.
Nf2 h5 22. e3 dxe3+ 23. Kxe3 h4 24. Rcd1 h3 25. Bh1 O-O 26. Rxd7 1-0

[Event "18sen.Bay.EM2006 Schney op"]
[Site "Schloss Schney (25.6.-3.7)"]
[Date "2006.07.03"]
[Round "9.34"]
[White "Narr, Irmgard"]
[Black "Banfelder, Herbert"]
[Result "1-0"]
[WhiteElo "1513"]
[BlackElo "1607"]
[PlyCount "95"]
[EventDate "2006.07.??"]
[Source "Ganslmayer"]
[SourceDate "2012.12.20"]

1. e4 c6 2. Nf3 d5 3. exd5 cxd5 4. d4 Nc6 5. Be3 Qb6 6. Qc1 Nf6 7. Bd3 Bg4 8.
Ne5 Bh5 9. c3 e6 10. a4 a5 11. Nxc6 bxc6 12. Nd2 Bd6 13. Rb1 O-O 14. c4 Bb4 15.
c5 Qc7 16. h3 Ne4 17. Bxe4 dxe4 18. O-O f5 19. Bg5 Be2 20. Re1 Bd3 21. Ra1 Qd7
22. Rd1 f4 23. Nf1 h6 24. Bxf4 Qxd4 25. Be3 Qe5 26. Ng3 Rad8 27. Nh1 Rd5 28.
Bxh6 gxh6 29. Qxh6 Rf6 30. Qh4 Bxc5 31. Qg4+ Kf7 32. Qh4 e3 33. Rxd3 exf2+ 34.
Kf1 Qf5 35. Rf3 Qg6 36. Rxf6+ Qxf6 37. Qh7+ Ke8 38. Qg8+ Kd7 39. Qh7+ Kd6 40.
Qc2 Rf5 41. Ng3 Re5 42. Ne4+ Rxe4 43. Qxe4 Qxb2 44. Rd1+ Ke7 45. Qh7+ Ke8 46.
Qd7+ Kf8 47. Qxe6 Qc2 48. Qf6+ 1-0

[Event "18sen.Bay.EM2006 Schney op"]
[Site "Schloss Schney (25.6.-3.7)"]
[Date "2006.07.03"]
[Round "9.35"]
[White "Paulsen, Eckart"]
[Black "Grueneschild, Hildegard"]
[Result "1-0"]
[WhiteElo "1646"]
[BlackElo "1440"]
[PlyCount "93"]
[EventDate "2006.07.??"]
[Source "Ganslmayer"]
[SourceDate "2012.12.20"]

1. f4 d6 2. Nf3 Nf6 3. e3 g6 4. Be2 Bg7 5. O-O O-O 6. d3 c5 7. Nc3 Nc6 8. Qe1
Nb4 9. Bd1 Bd7 10. a3 Nbd5 11. Nxd5 Nxd5 12. e4 Nb6 13. Qh4 Bf6 14. Qg3 e6 15.
h4 Kh8 16. c3 Qe7 17. Be3 Rg8 18. Qf2 h5 19. e5 Bg7 20. exd6 Qxd6 21. Ng5 Be8
22. Bxc5 Qxd3 23. Bc2 Qc4 24. Ne4 Rc8 25. b3 Qa6 26. Bd4 Nd5 27. Bxg7+ Rxg7 28.
c4 Ne7 29. Rfd1 Bc6 30. Nd6 Rcg8 31. Qd4 Nf5 32. Nxf7+ Kh7 33. Ng5+ Kh6 34. Qf2
Re8 35. Re1 Rge7 36. Re5 b5 37. Bd3 bxc4 38. Bxc4 Qb7 39. Rae1 Bd5 40. Nxe6
Bxc4 41. bxc4 Qb3 42. c5 Rxe6 43. Rxe6 Rxe6 44. Rxe6 Qxe6 45. Qd2 Nxh4 46. f5+
g5 47. fxe6 1-0

[Event "18sen.Bay.EM2006 Schney op"]
[Site "Schloss Schney (25.6.-3.7)"]
[Date "2006.07.03"]
[Round "9.36"]
[White "Fiedler, Werner(23)"]
[Black "Brockhaus, Werner"]
[Result "1/2-1/2"]
[WhiteElo "1629"]
[BlackElo "1510"]
[PlyCount "32"]
[EventDate "2006.07.??"]
[Source "Ganslmayer"]
[SourceDate "2012.12.20"]

1. Nf3 Nf6 2. d4 d5 3. Bf4 e6 4. Nbd2 Bd6 5. Bxd6 Qxd6 6. c3 c6 7. Ne5 Qe7 8.
e3 Nfd7 9. Ndf3 Nxe5 10. Nxe5 Nd7 11. Nxd7 Bxd7 12. Bd3 f5 13. O-O O-O 14. Qe2
Qf6 15. Rad1 Be8 16. f3 Bg6 1/2-1/2

[Event "18sen.Bay.EM2006 Schney op"]
[Site "Schloss Schney (25.6.-3.7)"]
[Date "2006.07.03"]
[Round "9.37"]
[White "Erler, Klaus-Juergen"]
[Black "Geisensetter, Kurt"]
[Result "1/2-1/2"]
[WhiteElo "1627"]
[BlackElo "1644"]
[PlyCount "50"]
[EventDate "2006.07.??"]
[Source "Ganslmayer"]
[SourceDate "2012.12.20"]

1. c4 f5 2. Nc3 Nf6 3. g3 e6 4. Bg2 Be7 5. Nf3 d6 6. O-O O-O 7. d3 Nc6 8. Bd2
Qe8 9. e3 Qh5 10. Nh4 Qxd1 11. Raxd1 Ne5 12. Bc1 c6 13. f4 Nf7 14. Nf3 Bd7 15.
h3 Rad8 16. Kh2 e5 17. e4 g6 18. Rfe1 fxe4 19. fxe5 dxe5 20. dxe4 Be6 21. b3
Rxd1 22. Rxd1 Rd8 23. Bb2 Rxd1 24. Nxd1 Nd7 25. Nf2 Bf6 1/2-1/2

[Event "18sen.Bay.EM2006 Schney op"]
[Site "Schloss Schney (25.6.-3.7)"]
[Date "2006.07.03"]
[Round "9.38"]
[White "Klinger, Rudolf++"]
[Black "Schuster, Herbert"]
[Result "1/2-1/2"]
[WhiteElo "2114"]
[BlackElo "1608"]
[PlyCount "72"]
[EventDate "2006.07.??"]
[Source "Ganslmayer"]
[SourceDate "2012.12.20"]

1. e4 e5 2. Bc4 d6 3. Nf3 Bg4 4. h3 Bxf3 5. Qxf3 Qf6 6. Qb3 b6 7. O-O g5 8. Nc3
Ne7 9. Nd5 Nxd5 10. Bxd5 c6 11. Bc4 b5 12. Be2 Nd7 13. c3 Nc5 14. Qc2 Qg6 15.
d3 h5 16. b4 Ne6 17. g3 Be7 18. a4 h4 19. Kg2 f5 20. exf5 Qxf5 21. Bg4 Qg6 22.
axb5 cxb5 23. Bf3 d5 24. Bxd5 Nf4+ 25. gxf4 gxf4+ 26. Kh2 O-O-O 27. Be4 Qb6 28.
Qe2 Rhg8 29. Bf5+ Kb8 30. Qxe5+ Bd6 31. Qe4 f3+ 32. Kh1 Bc7 33. Be3 Rg2 34.
Bxb6 Rh2+ 35. Kg1 Rg8+ 36. Bg4 Rg2+ 1/2-1/2

[Event "18sen.Bay.EM2006 Schney op"]
[Site "Schloss Schney (25.6.-3.7)"]
[Date "2006.07.03"]
[Round "9.40"]
[White "Philipp, Gerhard"]
[Black "Erdmann, Wolfgang"]
[Result "1-0"]
[WhiteElo "1593"]
[BlackElo "1505"]
[PlyCount "63"]
[EventDate "2006.07.??"]
[Source "Ganslmayer"]
[SourceDate "2012.12.20"]

1. e4 d6 2. d4 Nf6 3. Nc3 g6 4. Bd3 Bg7 5. Nge2 c6 6. f3 e5 7. Be3 Be6 8. Qd2
Nbd7 9. O-O-O Ng8 10. d5 cxd5 11. Nxd5 Ngf6 12. Nec3 a6 13. Kb1 O-O 14. Bc4 Ne8
15. Bb3 Rc8 16. g4 Nc5 17. Bg5 f6 18. Be3 Nxb3 19. axb3 Rf7 20. h4 Rc6 21. Rdg1
Qd7 22. Nb6 Qd8 23. Ncd5 Nc7 24. f4 Rf8 25. f5 Bf7 26. g5 Nxd5 27. Nxd5 Be8 28.
h5 Bf7 29. Qh2 gxh5 30. gxf6 Bxd5 31. Rxg7+ Kh8 32. Qxh5 1-0

[Event "18sen.Bay.EM2006 Schney op"]
[Site "Schloss Schney (25.6.-3.7)"]
[Date "2006.07.03"]
[Round "9.41"]
[White "Jakubowski, Karl++"]
[Black "Van Houten, Henk"]
[Result "0-1"]
[WhiteElo "1373"]
[BlackElo "1597"]
[PlyCount "40"]
[EventDate "2006.07.??"]
[Source "Ganslmayer"]
[SourceDate "2012.12.20"]

1. c4 c5 2. Nc3 e5 3. Nf3 Nc6 4. g3 Rb8 5. b3 g6 6. Rb1 Nge7 7. Bb2 Bg7 8. d3
O-O 9. Bg2 d6 10. O-O a6 11. Bc1 b5 12. Bb2 bxc4 13. dxc4 Bf5 14. e4 Be6 15.
Ng5 Qd7 16. Nxe6 fxe6 17. Qg4 h5 18. Qe2 Nd4 19. Qd2 Nec6 20. Bh3 Nf3+ 0-1

[Event "18sen.Bay.EM2006 Schney op"]
[Site "Schloss Schney (25.6.-3.7)"]
[Date "2006.07.03"]
[Round "9.42"]
[White "Wilfert, Eva-Maria"]
[Black "Mueller, Lothar(27)"]
[Result "1-0"]
[WhiteElo "1543"]
[BlackElo "1412"]
[PlyCount "72"]
[EventDate "2006.07.??"]
[Source "Ganslmayer"]
[SourceDate "2012.12.20"]

1. d4 d5 2. Nf3 Bf5 3. Nc3 Nf6 4. Bf4 e6 5. a3 c5 6. dxc5 Bxc5 7. e3 O-O 8. Be2
h6 9. O-O a6 10. Bd3 Bxd3 11. Qxd3 b5 12. Ne5 Nh5 13. Ne2 Nxf4 14. Nxf4 Qf6 15.
Qc3 Bd6 16. Nfd3 a5 17. Qd4 Rd8 18. Nf3 Qxd4 19. Nxd4 Bf8 20. Nxb5 Na6 21. Rfd1
Rac8 22. c3 a4 23. Rac1 Rc4 24. Rb1 Be7 25. Kf1 Bf6 26. Nd4 Bxd4 27. exd4 f6
28. Re1 Kf7 29. Re2 Re8 30. Rbe1 g6 31. Nf4 Nc7 32. Nd3 Na6 33. f4 h5 34. g3
Rc6 35. Kg2 Rb6 36. Rc1 Rc8 1-0

[Event "18sen.Bay.EM2006 Schney op"]
[Site "Schloss Schney (25.6.-3.7)"]
[Date "2006.07.03"]
[Round "9.43"]
[White "Breitfuss, Joachim++"]
[Black "Rudolph, Rainer"]
[Result "1-0"]
[WhiteElo "1385"]
[BlackElo "1345"]
[PlyCount "79"]
[EventDate "2006.07.??"]
[Source "Ganslmayer"]
[SourceDate "2012.12.20"]

1. d4 d5 2. c4 e6 3. Nc3 Nf6 4. Bg5 Be7 5. e3 Nc6 6. Nf3 a6 7. Bd3 Nb4 8. O-O
Nxd3 9. Qxd3 Bd7 10. Rac1 O-O 11. Rfe1 h6 12. Bh4 c6 13. Ne5 b5 14. cxd5 cxd5
15. a3 Nh7 16. Bxe7 Qxe7 17. e4 dxe4 18. Nxe4 Rac8 19. Nc5 Nf6 20. Nxa6 Qd6 21.
Nxd7 Qxd7 22. Nc5 Qc6 23. Nb3 Qb6 24. Rc5 Nd5 25. Rxb5 Nf4 26. Rxb6 Nxd3 27.
Re2 Nc1 28. Re1 Nd3 29. Rb1 Rc2 30. Nc5 Nxf2 31. a4 Rd8 32. Rb4 Rd2 33. Rf1 Nd3
34. Nxd3 Rxd3 35. a5 R3xd4 36. Rxd4 Rxd4 37. Ra1 Rd8 38. a6 Kf8 39. a7 Ke8 40.
a8=Q 1-0

[Event "18sen.Bay.EM2006 Schney op"]
[Site "Schloss Schney (25.6.-3.7)"]
[Date "2006.07.03"]
[Round "9.44"]
[White "Melzig, Ernst"]
[Black "Froeling, Philippa"]
[Result "1-0"]
[WhiteElo "1362"]
[BlackElo "1227"]
[PlyCount "73"]
[EventDate "2006.07.??"]
[Source "Ganslmayer"]
[SourceDate "2012.12.20"]

1. e4 e5 2. Nf3 d6 3. Bc4 h6 4. O-O Nf6 5. Nc3 Nc6 6. d4 Na5 7. Be2 exd4 8.
Nxd4 Be7 9. b4 Nc6 10. Nxc6 bxc6 11. Bf4 O-O 12. e5 dxe5 13. Qxd8 Rxd8 14. Bxe5
Bxb4 15. Bxc7 Bxc3 16. Bxd8 Bxa1 17. Rxa1 Nd5 18. Bc4 Bf5 19. Bxd5 Rxd8 20.
Bxc6 Bxc2 21. f3 a5 22. Rc1 Rd1+ 23. Rxd1 Bxd1 24. Kf2 Bc2 25. Ke3 Kf8 26. Kd4
Ke7 27. Kc5 Bd3 28. a4 Bc2 29. Kb6 Bxa4 30. Bxa4 f5 31. Kxa5 f4 32. Kb4 Kf6 33.
Kc3 h5 34. Kd4 h4 35. Ke4 g5 36. Be8 Ke7 37. Kf5 1-0

[Event "18sen.Bay.EM2006 Schney op"]
[Site "Schloss Schney (25.6.-3.7)"]
[Date "2006.07.03"]
[Round "9.45"]
[White "Salomon, Heide++"]
[Black "Von Berg, Hans-Dieter"]
[Result "1-0"]
[WhiteElo "1522"]
[BlackElo "1491"]
[PlyCount "139"]
[EventDate "2006.07.??"]
[Source "Ganslmayer"]
[SourceDate "2012.12.20"]

1. e4 c5 2. Nf3 Nc6 3. Bc4 e6 4. O-O a6 5. a4 d6 6. d3 Nf6 7. Bg5 Be7 8. Bxf6
Bxf6 9. c3 d5 10. exd5 exd5 11. Re1+ Be6 12. Bb3 O-O 13. d4 c4 14. Bc2 Bg4 15.
Nbd2 Re8 16. Rxe8+ Qxe8 17. h3 Bh5 18. g4 Bg6 19. Bxg6 hxg6 20. Qf1 Qf8 21. h4
Re8 22. g5 Bd8 23. Re1 Bc7 24. Kg2 Re7 25. Rxe7 Qxe7 26. Qd1 Qe6 27. Nf1 Qg4+
28. Ng3 Bxg3 29. fxg3 Qe4 30. Kf2 f6 31. gxf6 gxf6 32. Qe2 Qxe2+ 33. Kxe2 Ne7
34. Ke3 Nf5+ 35. Kf4 Nd6 36. Nd2 Nc8 37. a5 Na7 38. b4 cxb3 39. Nxb3 Nb5 40.
Nc5 Nxc3 41. Ke3 Nd1+ 42. Kd2 Nb2 43. Nxb7 Nc4+ 44. Kc3 Kf7 45. Nc5 Nxa5 46.
Nxa6 Ke6 47. Nb4 Nb7 48. Nd3 Nd6 49. Nf4+ Kf5 50. Nxd5 Ne4+ 51. Kd3 Nxg3 52.
Ne3+ Kf4 53. Ng2+ Kg4 54. d5 Nf5 55. Ne3+ Kf4 56. Nxf5 Ke5 57. Ne3 f5 58. Kc4
f4 59. Ng4+ Kd6 60. Kd4 f3 61. Nf2 Kd7 62. Ke5 Ke7 63. d6+ Kd7 64. Kd5 Kd8 65.
Ke6 Ke8 66. Nd3 f2 67. Nxf2 Kd8 68. d7 g5 69. h5 g4 70. Nxg4 1-0

[Event "18sen.Bay.EM2006 Schney op"]
[Site "Schloss Schney (25.6.-3.7)"]
[Date "2006.07.03"]
[Round "9.46"]
[White "Jurgan, Brigitte"]
[Black "Ludwig, Karl-Heinz ProfDr"]
[Result "1/2-1/2"]
[WhiteElo "1163"]
[BlackElo "1157"]
[PlyCount "49"]
[EventDate "2006.07.??"]
[Source "Ganslmayer"]
[SourceDate "2012.12.20"]

1. d4 d5 2. Nf3 e6 3. a3 Nf6 4. g3 Be7 5. Bg2 Nc6 6. Bf4 h6 7. Nc3 Bd6 8. Bxd6
Qxd6 9. b4 a6 10. O-O O-O 11. Re1 Re8 12. e4 Qd8 13. e5 Nd7 14. Na4 b5 15. Nc5
Nxc5 16. bxc5 Na5 17. Nd2 f6 18. f4 f5 19. Bf3 g6 20. Kf2 Nc6 21. Nb3 a5 22. c3
a4 23. Nc1 Na5 24. Be2 c6 25. Rh1 1/2-1/2

[Event "18sen.Bay.EM2006 Schney op"]
[Site "Schloss Schney (25.6.-3.7)"]
[Date "2006.07.03"]
[Round "9.47"]
[White "Conitz, Helmut"]
[Black "Eckstein, Luise"]
[Result "1-0"]
[WhiteElo "1440"]
[BlackElo "1092"]
[PlyCount "107"]
[EventDate "2006.07.??"]
[Source "Ganslmayer"]
[SourceDate "2012.12.20"]

1. e4 d5 2. exd5 Nf6 3. Nc3 c6 4. dxc6 Nxc6 5. Bb5 Bd7 6. Bxc6 Bxc6 7. Nf3 e6
8. O-O Be7 9. d3 O-O 10. h3 Nd5 11. Bd2 Bf6 12. d4 Nxc3 13. Bxc3 Bd5 14. Ne5
Bxe5 15. dxe5 Qd7 16. f3 a6 17. Bb4 Rfe8 18. c4 Bc6 19. Qxd7 Bxd7 20. Bd6 Bc6
21. b3 b5 22. Rfe1 Red8 23. a3 Rd7 24. b4 Rad8 25. c5 Ra8 26. Rf1 Raa7 27. g4
g6 28. g5 Kg7 29. Kf2 Ra8 30. h4 h5 31. gxh6+ Kxh6 32. Rh1 Rh8 33. Rag1 Kg7 34.
Rg5 Rh5 35. Kg3 Kh6 36. Kf4 Rd8 37. Rg4 Re8 38. Ke3 Bd5 39. Rd1 Bc6 40. Rdd4
Rd8 41. Rdf4 Be8 42. Be7 Rc8 43. Bg5+ Kh7 44. Bf6 Kh6 45. Rg5 Kh7 46. Rfg4 Rc6
47. Kf4 Kh6 48. Kg3 Rc8 49. Rxh5+ gxh5 50. Rg8 Ra8 51. Kf4 Rc8 52. Rh8+ Kg6 53.
Bg5 Rd8 54. Bxd8 1-0